<?xml version="1.0" encoding="UTF-8"?>
<record
    xmlns:xsi="http://www.w3.org/2001/XMLSchema-instance"
    xsi:schemaLocation="http://www.loc.gov/MARC21/slim http://www.loc.gov/standards/marcxml/schema/MARC21slim.xsd"
    xmlns="http://www.loc.gov/MARC21/slim">

  <leader>01039nam a2200277 a 4500</leader>
  <controlfield tag="005">20060614174322.0</controlfield>
  <controlfield tag="008">051129s2005    ii ab    b    001 0 eng  </controlfield>
  <datafield tag="010" ind1=" " ind2=" ">
    <subfield code="a">ENG-92692</subfield>
  </datafield>
  <datafield tag="020" ind1=" " ind2=" ">
    <subfield code="a">9788175347038</subfield>
    <subfield code="c">395.00</subfield>
  </datafield>
  <datafield tag="035" ind1=" " ind2=" ">
    <subfield code="a">EN-76225</subfield>
  </datafield>
  <datafield tag="037" ind1=" " ind2=" ">
    <subfield code="b">DBAD / PUB</subfield>
  </datafield>
  <datafield tag="040" ind1=" " ind2=" ">
    <subfield code="a">dpl</subfield>
    <subfield code="b">English </subfield>
  </datafield>
  <datafield tag="082" ind1=" " ind2=" ">
    <subfield code="a">345.54</subfield>
  </datafield>
  <datafield tag="100" ind1=" " ind2=" ">
    <subfield code="a">Gaur, K.D. </subfield>
  </datafield>
  <datafield tag="245" ind1=" " ind2=" ">
    <subfield code="a">Textbook on The Indian Penal Code /</subfield>
    <subfield code="c">by K.D. Gaur; forewarded by V.N. Khare </subfield>
  </datafield>
  <datafield tag="250" ind1=" " ind2=" ">
    <subfield code="a">4th thoroughly rev. and updated ed.</subfield>
  </datafield>
  <datafield tag="260" ind1=" " ind2=" ">
    <subfield code="a">Delhi </subfield>
    <subfield code="b">Universal Law Publishing </subfield>
    <subfield code="c">2009</subfield>
  </datafield>
  <datafield tag="270" ind1=" " ind2=" ">
    <subfield code="a">C-FF-1A, Dilkhush Industrial Estate, (Opp. Hans Cinema, Azadpur) G.T Karnal Road, </subfield>
    <subfield code="b">Delhi </subfield>
    <subfield code="e">110033</subfield>
  </datafield>
  <datafield tag="300" ind1=" " ind2=" ">
    <subfield code="a">cxxvi, 935p. </subfield>
    <subfield code="c">23cm (pbk)</subfield>
  </datafield>
  <datafield tag="504" ind1=" " ind2=" ">
    <subfield code="a">Includes index.</subfield>
  </datafield>
  <datafield tag="610" ind1=" " ind2=" ">
    <subfield code="a">India. Indian Penal Code </subfield>
  </datafield>
  <datafield tag="650" ind1=" " ind2=" ">
    <subfield code="a">Criminal laws</subfield>
    <subfield code="x">India </subfield>
  </datafield>
  <datafield tag="700" ind1=" " ind2=" ">
    <subfield code="a">Khare, V.N. </subfield>
  </datafield>
  <datafield tag="942" ind1=" " ind2=" ">
    <subfield code="2">ddc</subfield>
    <subfield code="c">EN</subfield>
    <subfield code="m">GAU</subfield>
    <subfield code="h">345.54</subfield>
  </datafield>
  <datafield tag="999" ind1=" " ind2=" ">
    <subfield code="c">22619</subfield>
    <subfield code="d">22619</subfield>
  </datafield>
  <datafield tag="952" ind1=" " ind2=" ">
    <subfield code="0">0</subfield>
    <subfield code="1">0</subfield>
    <subfield code="2">ddc</subfield>
    <subfield code="4">0</subfield>
    <subfield code="7">1</subfield>
    <subfield code="8">NFIC</subfield>
    <subfield code="a">DBAD</subfield>
    <subfield code="b">DBAD</subfield>
    <subfield code="d">2009-01-30</subfield>
    <subfield code="e">DBAD / PUB</subfield>
    <subfield code="g">395.00</subfield>
    <subfield code="l">0</subfield>
    <subfield code="o">GAU</subfield>
    <subfield code="p">EN-76225</subfield>
    <subfield code="r">2009-01-30 00:00:00</subfield>
    <subfield code="t">1</subfield>
    <subfield code="v">395.00</subfield>
    <subfield code="w">2009-01-30</subfield>
    <subfield code="y">EN</subfield>
  </datafield>
</record>
